000
00330nam a2200133Ia 4500
008
150201s2007 xx 000 0 und d
082
_a
616
_b
S07B
100
_a
BHATIA,RS
245
_a
SLECTED TOPICS:GERIATRICS
250
_a
1ST
260
_b
PEEPEE
_a
DELHI
_c
2007
650
_a
OTHER CLINICAL & NON CLINICAL BOOKS
942
_2
ddc
_c
BK
999
_c
681
_d
681